Countries who's Passports you can buy - Statistics

General Stats
  • This quiz has been taken 24 times
  • The average score is 5 of 8
Answer Stats
Cost
Time Country Strenght of Passport % Correct
$125,000 3-4 months Saint Lucia 146 countries
91%
$130,000 3-6 months Antigua and Barbuda 151 countries
87%
$125,000 3-4 months Dominica 143 countries
87%
$175,000 3-6 months Saint Kitts and Nevis 156 countries
87%
$175,000 3-6 months Grenada 145 countries
83%
$140,000 1-2 months Vanuatu 133 countries
52%
$415,000 6-12 months Montenegro 124 countries
22%
$530,000 3-6 months Turkey 111 countries
22%
No matching quizzes found
Score Distribution
Percent of People with Each Score
Percentile by Number Answered
Your Score History
You have not taken this quiz